Statistics for Pair them up! North America Countries and Capitals

Click here to take the quiz!

General Stats

  • This quiz has been taken 150 times
  • The average score is 44 of 46

Answer Stats

ANSWER % Correct
Ottawa
100%
Canada
100%
Mexico City
99%
Mexico
99%
Cuba
99%
Washington
99%
United States
99%
Havana
99%
El Salvador
98%
San Salvador
98%
Bahamas
98%
Nassau
98%
Jamaica
98%
Guatemala
98%
Panama
98%
Panama
98%
Guatemala City
98%
Kingston
98%
Haiti
96%
Port-au-Prince
96%
Managua
95%
Nicaragua
95%
Costa Rica
94%
Belize
94%
Saint John's
94%
San Jose
94%
Antigua and Barbuda
94%
Belmopan
94%
Trinidad and Tobago
93%
Dominican Republic
93%
Port-of-Spain
93%
Santo Domingo
93%
Bridgetown
93%
Barbados
93%
Dominica
92%
Roseau
92%
Grenada
92%
Saint George's
92%
Honduras
92%
Tegucigalpa
92%
Saint Lucia
91%
Castries
91%
Kingstown
90%
Basseterre
90%
Saint Kitts and Nevis
90%
Saint Vincent and the Grenadines
90%

Score Distribution

Percentile by Number Answered

Percent of People with Each Score

Your Score History

You have not taken this quiz